=LDR 00000nam 2200000 4500 =001 INLIS00000000000118 =005 20260702043538 =020 ##$$a 978-602-313-569-1 =082 ##$$a 616.849 =100 1#$$a Prof. Dr. Dr. Anies, M.Kes, Pkk =245 1 $$a Waspada! Susah Tidur: Seluk Beluk Gangguan Tidur Di Segala Usia /$c Prof. Dr. Dr. Anies, M.Kes, Pkk =300 ##$$a 180 ; 13,5x20 cm